[Event "2025 Welsh Open"]
[Site "Mercure Cardiff North Hotel, Circle Way East, Llanedeyrn, Cardiff CF23 9XF"]
[Date "2025.04.19"]
[Round "3"]
[Board "17"]
[White "Parri, Deio"]
[Black "Enoch, Stuart"]
[Result "1-0"]
[WhiteElo "1745"]
[BlackElo "1588"]
[PlyCount "67"]
[GameId "2191927421202541"]
[EventDate "2025.04.18"]
[EventRounds "7"]
[EventCountry "WLS"]

1. d4 c5 2. d5 e6 3. c4 exd5 4. cxd5 d6 5. Nc3 Nf6 6. Bg5 g6 7. e4 Bg7 8. Bc4 O-O 9. Nge2 a6 10. a4 Nbd7 11. O-O Re8 12. f3 Rb8 13. Qd2 Ne5 14. Ba2 b5 15. axb5 axb5 16. f4 Ned7 17. Qc2 Qc7 18. Ng3 c4 19. Bb1 Nc5 20. Qf2 b4 21. Nd1 Ncxe4 22. Bxe4 Nxe4 23. Nxe4 Rxe4 24. Qf3 Qc5+ 25. Nf2 Re3 26. Rae1 Rxe1 27. Rxe1 Bd7 28. Re7 Bb5 29. f5 Bd4 30. fxg6 Bxf2+ 31. Kh1 Rf8 32. gxf7+ Rxf7 33. Qxf7+ Kh8 34. Bf6# 1-0

[Event "2025 Welsh Open"]
[Site "Mercure Cardiff North Hotel, Circle Way East, Llanedeyrn, Cardiff CF23 9XF"]
[Date "2025.04.19"]
[Round "3"]
[Board "18"]
[White "Probert, Malcolm"]
[Black "Thompson, Chris"]
[Result "1-0"]
[WhiteElo "1701"]
[BlackElo "1551"]
[PlyCount "39"]
[GameId "2191927421202542"]
[EventDate "2025.04.18"]
[EventRounds "7"]
[EventCountry "WLS"]

1. Nf3 c6 2. g3 d5 3. d4 g6 4. Bg2 Bg7 5. O-O Nf6 6. Nbd2 Bg4 7. Ne5 Be6 8. c4 O-O 9. b3 Nfd7 10. Bb2 Nxe5 11. dxe5 Nd7 12. cxd5 cxd5 13. f4 Rc8 14. e4 dxe4 15. Nxe4 f5 16. Ng5 Qb6+ 17. Bd4 Qa6 18. Nxe6 Qxe6 19. Bxa7 b6 20. Bd5 1-0

[Event "2025 Welsh Open"]
[Site "Mercure Cardiff North Hotel, Circle Way East, Llanedeyrn, Cardiff CF23 9XF"]
[Date "2025.04.19"]
[Round "3"]
[Board "19"]
[White "Hill, Glyn"]
[Black "Tagg, Ann"]
[Result "1-0"]
[WhiteElo "1518"]
[BlackElo "1530"]
[PlyCount "117"]
[GameId "2191927421206639"]
[EventDate "2025.04.18"]
[EventRounds "7"]
[EventCountry "WLS"]

1. d4 d5 2. Nc3 Nf6 3. Bf4 a6 4. f3 Bf5 5. e3 e6 6. Bd3 Bb4 7. Nge2 Nbd7 8. Bxf5 exf5 9. Qd3 g6 10. Bg5 Qe7 11. a3 Bxc3+ 12. Nxc3 c6 13. O-O-O h6 14. Bh4 Qe6 15. Rde1 O-O 16. e4 fxe4 17. fxe4 dxe4 18. Nxe4 Nxe4 19. Qxe4 Qxe4 20. Rxe4 Rfe8 21. Rhe1 Rxe4 22. Rxe4 g5 23. Bg3 Rd8 24. c3 c5 25. Re7 Kf8 26. Bd6 Kg8 27. Bc7 Rc8 28. Rxd7 c4 29. Bd6 Rc6 30. Be5 b5 31. Rd8+ Kh7 32. Rh8+ Kg6 33. Rd8 Re6 34. Kd2 Kf5 35. Ke3 f6 36. Rf8 Kg6 37. Rxf6+ Rxf6 38. Bxf6 Kxf6 39. g4 a5 40. Ke4 Ke6 41. d5+ Kf6 42. Kd4 a4 43. Kc5 Ke7 44. Kxb5 Kd6 45. Kxc4 Kd7 46. b3 Kd6 47. b4 Kc7 48. Kc5 Kb7 49. b5 Kc7 50. c4 h5 51. gxh5 g4 52. h6 g3 53. hxg3 Kb8 54. h7 Kb7 55. h8=R Ka7 56. Rh7+ Kb8 57. g4 Kc8 58. g5 Kd8 59. g6 1-0

[Event "2025 Welsh Open"]
[Site "Mercure Cardiff North Hotel, Circle Way East, Llanedeyrn, Cardiff CF23 9XF"]
[Date "2025.04.19"]
[Round "3"]
[Board "21"]
[White "Williams, John A"]
[Black "Rhydderch, Sam"]
[Result "1/2-1/2"]
[WhiteElo "1644"]
[BlackElo "1759"]
[PlyCount "99"]
[GameId "2191927421210737"]
[EventDate "2025.04.18"]
[EventRounds "7"]
[EventCountry "WLS"]

1. d4 c6 2. c4 d5 3. Nf3 Nf6 4. Nc3 e6 5. cxd5 exd5 6. Bg5 Bd6 7. Qc2 O-O 8. e3 h6 9. Bh4 Bg4 10. Ne5 Be6 11. f4 Nbd7 12. f5 Nxe5 13. dxe5 Bxe5 14. fxe6 fxe6 15. Bd3 Qb6 16. Qe2 Qb4 17. Bxf6 Rxf6 18. Qd2 Qh4+ 19. Kd1 Rf2 20. Be2 Rxg2 21. Kc2 Bxc3 22. bxc3 Qe4+ 23. Kb2 a5 24. Rhg1 Rxh2 25. Raf1 Qc4 26. Bxc4 Rxd2+ 27. Kc1 Rh2 28. Bb3 a4 29. Bc2 a3 30. Rg6 Re8 31. Rfg1 Re7 32. R1g2 Rxg2 33. Rxg2 g5 34. Bg6 Kg7 35. Bh5 Kf6 36. Kd2 Ke5 37. Kd3 b5 38. Rf2 c5 39. Rf8 c4+ 40. Ke2 Rb7 41. Ra8 b4 42. cxb4 Rxb4 43. Rxa3 Ke4 44. Bg6+ Ke5 45. Bh5 Rb2+ 46. Kf3 Rh2 47. Bf7 h5 48. Ra6 Rh3+ 49. Kf2 Ke4 50. Bg6+ 1/2-1/2

[Event "2025 Welsh Open"]
[Site "Mercure Cardiff North Hotel, Circle Way East, Llanedeyrn, Cardiff CF23 9XF"]
[Date "2025.04.19"]
[Round "3"]
[Board "22"]
[White "Watkins, Peter"]
[Black "Blankley, Toby"]
[Result "0-1"]
[WhiteElo "1682"]
[BlackElo "1566"]
[PlyCount "72"]
[GameId "2191927421210738"]
[EventDate "2025.04.18"]
[EventRounds "7"]
[EventCountry "WLS"]

1. d4 Nf6 2. Nf3 e6 3. e3 b6 4. Nbd2 Bb7 5. Bd3 Be7 6. c3 O-O 7. O-O Na6 8. e4 c5 9. e5 Nd5 10. Re1 Rc8 11. Ne4 cxd4 12. Nxd4 Nc5 13. Nxc5 Bxc5 14. Nf3 f5 15. exf6 Nxf6 16. Bg5 h6 17. Bxf6 Qxf6 18. Be4 d5 19. Bc2 Rce8 20. Qe2 e5 21. Rad1 e4 22. Nd4 Re7 23. Rf1 Ref7 24. Bb3 Qe5 25. g3 h5 26. f4 Qf5 27. Kg2 Bxd4 28. Rxd4 h4 29. g4 Qe6 30. Rxe4 Qxe4+ 31. Qxe4 dxe4 32. Bxf7+ Rxf7 33. f5 e3+ 34. Kh3 e2 35. Re1 Bf3 36. Kxh4 Rd7 0-1

[Event "2025 Welsh Open"]
[Site "Mercure Cardiff North Hotel, Circle Way East, Llanedeyrn, Cardiff CF23 9XF"]
[Date "2025.04.19"]
[Round "4"]
[Board "1"]
[White "De La Cruz Loredo, Ivan"]
[Black "Van Veelen, Thomas"]
[Result "1-0"]
[WhiteElo "2079"]
[BlackElo "2055"]
[PlyCount "123"]
[GameId "2191927718838274"]
[EventDate "2025.04.18"]
[EventRounds "7"]
[EventCountry "WLS"]

1. d4 d5 2. Nf3 Nf6 3. Bf4 e6 4. e3 c5 5. Bd3 Nc6 6. c3 Bd6 7. dxc5 Bxc5 8. O-O O-O 9. Nbd2 Re8 10. e4 e5 11. Bg5 d4 12. Nb3 Be7 13. cxd4 exd4 14. h3 h6 15. Bh4 Nxe4 16. Bxe4 Bxh4 17. Bxc6 bxc6 18. Nxh4 Qxh4 19. Qxd4 Re4 20. Qd6 Re6 21. Qd4 Qg5 22. f4 Qe7 23. Nc5 Re2 24. Rf2 Bf5 25. g4 Bc2 26. Rc1 Re1+ 27. Rxe1 Qxe1+ 28. Kg2 Bb1 29. b3 Re8 30. Qd2 Qe7 31. b4 a5 32. a3 Be4+ 33. Kh2 Bd5 34. Nd3 Qe4 35. bxa5 Kh8 36. Nb4 Qe3 37. Qxe3 Rxe3 38. Nxd5 cxd5 39. Rd2 Rxa3 40. Rxd5 Kh7 41. h4 g6 42. Kg2 Kg7 43. Kf2 Kf6 44. Rb5 Kg7 45. Ke2 Ra4 46. Ke3 Ra3+ 47. Ke4 Ra4+ 48. Ke5 g5 49. hxg5 hxg5 50. fxg5 Rxg4 51. Kd6 Re4 52. Re5 Ra4 53. Kc6 f6 54. gxf6+ Kxf6 55. Rb5 Ke6 56. Kb7 Rd4 57. Rb6+ Kd5 58. a6 Kc5 59. Rc6+ Kb5 60. a7 Rd8 61. Rc7 Rd6 62. a8=Q 1-0

[Event "2025 Welsh Open"]
[Site "Mercure Cardiff North Hotel, Circle Way East, Llanedeyrn, Cardiff CF23 9XF"]
[Date "2025.04.19"]
[Round "4"]
[Board "2"]
[White "Roberts, David L"]
[Black "Van Noorden, Nicolas"]
[Result "0-1"]
[WhiteElo "1979"]
[BlackElo "1888"]
[PlyCount "62"]
[GameId "2191927718846467"]
[EventDate "2025.04.18"]
[EventRounds "7"]
[EventCountry "WLS"]

1. e4 d6 2. Nc3 Nf6 3. d4 Nbd7 4. Nf3 e5 5. g3 c6 6. Bg2 Be7 7. O-O O-O 8. b3 Re8 9. Bb2 Qc7 10. a4 a5 11. Qd2 exd4 12. Nxd4 Nc5 13. Rfe1 Bf8 14. Rad1 Bg4 15. f3 Bd7 16. Kh1 Rad8 17. f4 Bg4 18. Ra1 d5 19. exd5 cxd5 20. Rxe8 Rxe8 21. Nxd5 Nxd5 22. Bxd5 Qd7 23. Bg2 Re2 24. Qc3 Ne4 25. Bxe4 Rxe4 26. Re1 Bb4 27. Qe3 Rxe3 28. Rxe3 h5 29. Re5 b6 30. h3 Bc5 31. Re4 Qb7 0-1

[Event "2025 Welsh Open"]
[Site "Mercure Cardiff North Hotel, Circle Way East, Llanedeyrn, Cardiff CF23 9XF"]
[Date "2025.04.19"]
[Round "4"]
[Board "3"]
[White "Turner, George"]
[Black "Tapp, James"]
[Result "1/2-1/2"]
[WhiteElo "1975"]
[BlackElo "1986"]
[PlyCount "76"]
[GameId "2191927718850564"]
[EventDate "2025.04.18"]
[EventRounds "7"]
[EventCountry "WLS"]

1. e4 c6 2. c4 d5 3. exd5 cxd5 4. d4 Nf6 5. Nc3 Nc6 6. Nf3 a6 7. Be2 g6 8. O-O Bg7 9. h3 O-O 10. c5 Ne4 11. Bf4 Nxd4 12. Nxd4 e5 13. Be3 exd4 14. Bxd4 Nxc3 15. bxc3 Be6 16. Rb1 Qc7 17. Rb6 Bxd4 18. cxd4 Bd7 19. Qd2 Rfe8 20. Bf3 Bc6 21. h4 h5 22. Rb3 Qe7 23. Qf4 Kg7 24. Re3 Qf6 25. Qxf6+ Kxf6 26. Rfe1 Rxe3 27. Rxe3 Rd8 28. Re5 Kg7 29. Kf1 Kf8 30. Ke1 Re8 31. Rxe8+ Kxe8 32. Kd2 Kd7 33. Ke3 Ke6 34. Kf4 f6 35. g4 hxg4 36. Bxg4+ Kf7 37. Bc8 Ke7 38. Kg4 Kd8 1/2-1/2

[Event "2025 Welsh Open"]
[Site "Mercure Cardiff North Hotel, Circle Way East, Llanedeyrn, Cardiff CF23 9XF"]
[Date "2025.04.19"]
[Round "4"]
[Board "4"]
[White "Sipho, Donovan"]
[Black "Vlkova, Anezka"]
[Result "1-0"]
[WhiteElo "1787"]
[BlackElo "1979"]
[PlyCount "117"]
[GameId "2191927718850565"]
[EventDate "2025.04.18"]
[EventRounds "7"]
[EventCountry "WLS"]

1. c4 e5 2. Nc3 Nc6 3. g3 g6 4. Bg2 Bg7 5. e3 Nge7 6. Nge2 O-O 7. O-O d6 8. d4 exd4 9. exd4 Nf5 10. d5 Ncd4 11. Nxd4 Nxd4 12. Ne4 h6 13. Bxh6 Bxh6 14. Qxd4 Bg7 15. Qd2 Bf5 16. Rae1 Qd7 17. b3 Rae8 18. Qg5 f6 19. Qd2 Kf7 20. f4 Re7 21. Re3 Bxe4 22. Rxe4 Rfe8 23. Rfe1 f5 24. Rxe7+ Rxe7 25. Kf1 Qd8 26. Re6 Rxe6 27. dxe6+ Kf8 28. Bxb7 Qf6 29. Qe2 Ke7 30. Kg2 Qa1 31. b4 Bd4 32. b5 Bc5 33. Bd5 Qd4 34. h4 Qg1+ 35. Kh3 Bf2 36. Qf3 Qf1+ 37. Qg2 Qxg2+ 38. Kxg2 Bd4 39. Kf3 Bf6 40. a4 Ke8 41. Bc6+ Ke7 42. Bd7 Kd8 43. Kg2 Bd4 44. Kh3 Be3 45. h5 gxh5 46. Kh4 Bf2 47. Kxh5 Bxg3 48. Kg5 Ke7 49. Kxf5 Bf2 50. Ke4 Bb6 51. Kd5 Bc5 52. Kc6 Bb6 53. Kb7 Kd8 54. f5 Ke7 55. Kc8 Ba5 56. Bc6 Bb6 57. Bd5 Ba5 58. f6+ Ke8 59. Bc6+ 1-0

[Event "2025 Welsh Open"]
[Site "Mercure Cardiff North Hotel, Circle Way East, Llanedeyrn, Cardiff CF23 9XF"]
[Date "2025.04.19"]
[Round "4"]
[Board "5"]
[White "Gibbs, Dominic V"]
[Black "Sharhorodsky, Yaroslav"]
[Result "1/2-1/2"]
[WhiteElo "1961"]
[BlackElo "1703"]
[PlyCount "91"]
[GameId "2191927718854662"]
[EventDate "2025.04.18"]
[EventRounds "7"]
[EventCountry "WLS"]

1. e4 e5 2. Nf3 Nf6 3. Nxe5 d6 4. Nf3 Nxe4 5. Nc3 Nxc3 6. dxc3 Be7 7. Be3 O-O 8. Qd2 Bg4 9. Be2 Nc6 10. h3 Bxf3 11. Bxf3 Ne5 12. Be2 d5 13. b3 f5 14. f4 Bh4+ 15. Bf2 Bxf2+ 16. Kxf2 Nf7 17. Rad1 c6 18. c4 Nd6 19. Bf3 Ne4+ 20. Bxe4 dxe4 21. Qxd8 Raxd8 22. Ke3 Kf7 23. g4 g6 24. g5 Rxd1 25. Rxd1 Ke7 26. h4 Rd8 27. Rh1 h5 28. Ke2 Kd6 29. Rd1+ Kc7 30. Rxd8 Kxd8 31. c5 b6 32. cxb6 axb6 33. Ke3 Kc7 34. c3 Kd6 35. Kd4 c5+ 36. Ke3 c4 37. Kd4 cxb3 38. axb3 b5 39. Ke3 Kd5 40. Kd2 b4 41. c4+ Kd4 42. Ke2 Kc5 43. Ke3 Kc6 44. Kd4 Kd6 45. Ke3 Kc5 46. Kd2 1/2-1/2

[Event "2025 Welsh Open"]
[Site "Mercure Cardiff North Hotel, Circle Way East, Llanedeyrn, Cardiff CF23 9XF"]
[Date "2025.04.19"]
[Round "4"]
[Board "7"]
[White "Thomas, Mark"]
[Black "George, Naveen Daniel"]
[Result "1-0"]
[WhiteElo "1898"]
[BlackElo "1591"]
[PlyCount "141"]
[GameId "2191927718858760"]
[EventDate "2025.04.18"]
[EventRounds "7"]
[EventCountry "WLS"]

1. e4 c5 2. Be2 d6 3. f4 g6 4. Nf3 Bg7 5. c3 Nf6 6. d3 O-O 7. O-O Nc6 8. Kh1 b5 9. Be3 b4 10. Qe1 a5 11. Qh4 e6 12. Nbd2 bxc3 13. bxc3 Nd7 14. Qxd8 Rxd8 15. d4 cxd4 16. cxd4 Nb4 17. Rfc1 Ba6 18. Bxa6 Nxa6 19. Nc4 Nf6 20. Nxa5 Nxe4 21. Nc6 Re8 22. Rab1 Nc7 23. Nb4 Na6 24. a3 Nb8 25. Rb3 Nd7 26. Kg1 Ndf6 27. Kf1 Rec8 28. Ke2 Ng4 29. Rc6 Rab8 30. Rxc8+ Rxc8 31. Bd2 Nxd2 32. Kxd2 Nf6 33. Na6 Nd5 34. g3 h5 35. Rb8 Rxb8 36. Nxb8 Kf8 37. Kd3 Ke8 38. Kc4 Kd8 39. a4 Kc7 40. Na6+ Kb6 41. Nb4 Nxb4 42. Kxb4 Bf8 43. Ng5 Bg7 44. Kc4 d5+ 45. Kd3 Ka5 46. Nxf7 Kxa4 47. Nd8 Kb5 48. Nxe6 Bh6 49. Nd8 h4 50. Nf7 hxg3 51. hxg3 Bg7 52. Ne5 g5 53. fxg5 Kb6 54. Ke3 Kc7 55. Ng4 Kd6 56. Nf6 Ke6 57. Kf4 Bh8 58. Ke3 Kf5 59. Nxd5 Kxg5 60. Nf4 Kg4 61. Ne2 Kf5 62. Kf3 Bg7 63. g4+ Kg5 64. d5 Be5 65. Ng3 Kf6 66. Ne4+ Ke7 67. g5 Kd7 68. Kg4 Ke7 69. Kf5 Ba1 70. Nf6 Bb2 71. d6+ 1-0

[Event "2025 Welsh Open"]
[Site "Mercure Cardiff North Hotel, Circle Way East, Llanedeyrn, Cardiff CF23 9XF"]
[Date "2025.04.19"]
[Round "4"]
[Board "8"]
[White "Browse, Joseph"]
[Black "Powell-Jones, Liam"]
[Result "1-0"]
[WhiteElo "1804"]
[BlackElo "1667"]
[PlyCount "61"]
[GameId "2191927718862857"]
[EventDate "2025.04.18"]
[EventRounds "7"]
[EventCountry "WLS"]

1. e4 c6 2. d4 d5 3. exd5 cxd5 4. Bd3 Nf6 5. h3 g6 6. Nf3 Bf5 7. O-O Nc6 8. c3 Bxd3 9. Qxd3 Bg7 10. Bf4 O-O 11. Re1 Re8 12. Nbd2 Rc8 13. Nf1 a6 14. a4 Ne4 15. Rad1 Qa5 16. Ne3 e6 17. Ra1 b5 18. Ng5 Nxg5 19. Bxg5 b4 20. Ng4 bxc3 21. bxc3 Ne7 22. Rac1 h5 23. Nf6+ Bxf6 24. Bxf6 Kh7 25. g4 Ng8 26. Bh4 hxg4 27. hxg4 Kg7 28. Kg2 Nf6 29. Qf3 Ne4 30. Rxe4 dxe4 31. Bf6+ 1-0

[Event "2025 Welsh Open"]
[Site "Mercure Cardiff North Hotel, Circle Way East, Llanedeyrn, Cardiff CF23 9XF"]
[Date "2025.04.19"]
[Round "4"]
[Board "9"]
[White "Hammett, Scott"]
[Black "Smith, Andrew R"]
[Result "0-1"]
[WhiteElo "1669"]
[BlackElo "1779"]
[PlyCount "46"]
[GameId "2191927718862858"]
[EventDate "2025.04.18"]
[EventRounds "7"]
[EventCountry "WLS"]

1. b3 e5 2. Bb2 Nc6 3. e3 Nf6 4. d3 d5 5. Be2 Bd6 6. Nf3 O-O 7. Nbd2 Re8 8. O-O Bg4 9. c4 a5 10. h3 Bh5 11. Nh2 Bxe2 12. Qxe2 Qd7 13. a3 Rad8 14. cxd5 Nxd5 15. Ne4 Qe7 16. Nxd6 Rxd6 17. Ng4 Nf6 18. Nxf6+ Rxf6 19. Rac1 Rg6 20. Rc4 Qe6 21. Kh2 Rd8 22. Qd1 Qd5 23. Re4 f5 0-1

[Event "2025 Welsh Open"]
[Site "Mercure Cardiff North Hotel, Circle Way East, Llanedeyrn, Cardiff CF23 9XF"]
[Date "2025.04.19"]
[Round "4"]
[Board "10"]
[White "Larg, Richard"]
[Black "Malibiran, Aldrin"]
[Result "0-1"]
[WhiteElo "1629"]
[BlackElo "1771"]
[PlyCount "24"]
[GameId "2191927718862859"]
[EventDate "2025.04.18"]
[EventRounds "7"]
[EventCountry "WLS"]

1. d4 Nf6 2. Nf3 g6 3. Nc3 d5 4. e3 Bg7 5. Bd3 O-O 6. O-O c5 7. dxc5 Nbd7 8. e4 dxe4 9. Nxe4 Nxe4 10. Bxe4 Nxc5 11. Bd3 Nxd3 12. Rb1 Nxc1 0-1

[Event "2025 Welsh Open"]
[Site "Mercure Cardiff North Hotel, Circle Way East, Llanedeyrn, Cardiff CF23 9XF"]
[Date "2025.04.19"]
[Round "4"]
[Board "11"]
[White "Malibiran, Alexis Kristoff"]
[Black "Parri, Deio"]
[Result "1-0"]
[WhiteElo "1505"]
[BlackElo "1745"]
[PlyCount "82"]
[GameId "2191927718866956"]
[EventDate "2025.04.18"]
[EventRounds "7"]
[EventCountry "WLS"]

1. e4 e6 2. Nc3 d5 3. Nf3 dxe4 4. Nxe4 Nd7 5. d4 Ngf6 6. Nxf6+ Nxf6 7. c3 Be7 8. Bd3 O-O 9. Qc2 b6 10. Be3 Bb7 11. O-O-O Qc8 12. Ne5 c5 13. h4 cxd4 14. Bxd4 Bc5 15. Bxc5 Qxc5 16. Nd7 Nxd7 17. Bxh7+ Kh8 18. Rxd7 Bc6 19. Rc7 Qd6 20. Rxc6 Qxc6 21. Be4 Qc5 22. Bxa8 Rxa8 23. Rd1 Qc6 24. f3 Rc8 25. Qd3 Qa4 26. Qd7 Qf4+ 27. Kb1 Qf5+ 28. Ka1 Rc5 29. Qxa7 Qc2 30. Qa8+ Kh7 31. Qe4+ Qxe4 32. fxe4 Re5 33. Re1 f5 34. Kb1 fxe4 35. Kc2 Kg6 36. g4 Kf6 37. c4 Ke7 38. Kc3 b5 39. Kd4 Kd6 40. Rxe4 Rxe4+ 41. Kxe4 bxc4 1-0

[Event "2025 Welsh Open"]
[Site "Mercure Cardiff North Hotel, Circle Way East, Llanedeyrn, Cardiff CF23 9XF"]
[Date "2025.04.19"]
[Round "4"]
[Board "13"]
[White "Bourne, Patrick"]
[Black "Thomas, Kevin"]
[Result "0-1"]
[WhiteElo "1561"]
[BlackElo "1719"]
[PlyCount "100"]
[GameId "2191927718866958"]
[EventDate "2025.04.18"]
[EventRounds "7"]
[EventCountry "WLS"]

1. d4 Nf6 2. Bg5 g6 3. Bxf6 exf6 4. e3 Bg7 5. c4 O-O 6. Nc3 Re8 7. Bd3 c6 8. Nf3 d6 9. Qc2 f5 10. O-O Nd7 11. b4 Nf6 12. Rab1 Bd7 13. c5 d5 14. b5 Ne4 15. Ne2 g5 16. g3 Kh8 17. bxc6 bxc6 18. Rb2 Bh6 19. Ne5 Be6 20. Nxc6 Qc7 21. Ne5 f6 22. Nf3 f4 23. exf4 gxf4 24. c6 Bg4 25. Rb7 Qc8 26. Ne1 Bh3 27. Ba6 Qe6 28. Nc1 Bxf1 29. Bxf1 Rac8 30. Bb5 a6 31. Ba4 fxg3 32. hxg3 f5 33. Nf3 Bg7 34. Nd3 Nd6 35. Rd7 Nb5 36. Nfe5 Nxd4 37. Qc5 Bxe5 38. Nxe5 Qxe5 39. c7 Qe1+ 40. Kg2 Qe4+ 41. Kg1 Nf3+ 42. Kf1 Qxa4 43. Qc3+ d4 44. Rxh7+ Kxh7 45. Qxf3 Qb5+ 46. Kg2 Qe5 47. Qh5+ Kg7 48. Qg5+ Kf7 49. Qh5+ Ke6 50. Qh6+ Kd7 0-1

[Event "2025 Welsh Open"]
[Site "Mercure Cardiff North Hotel, Circle Way East, Llanedeyrn, Cardiff CF23 9XF"]
[Date "2025.04.19"]
[Round "4"]
[Board "15"]
[White "Williams, Stephen"]
[Black "Murthy, Arush"]
[Result "1-0"]
[WhiteElo "1701"]
[BlackElo "1539"]
[PlyCount "83"]
[GameId "2191927718871056"]
[EventDate "2025.04.18"]
[EventRounds "7"]
[EventCountry "WLS"]

1. e4 d5 2. exd5 Nf6 3. Bb5+ Bd7 4. Bc4 c6 5. dxc6 Nxc6 6. d3 e5 7. Be3 Ng4 8. Qf3 Qf6 9. Qxf6 Nxf6 10. h3 Rc8 11. Nf3 Bd6 12. Nc3 O-O 13. a3 h6 14. O-O-O a6 15. Nd5 Nxd5 16. Bxd5 Kh8 17. Rhe1 b5 18. d4 exd4 19. Nxd4 Nxd4 20. Bxd4 Bc6 21. Bxc6 Rxc6 22. Be3 Rfc8 23. Re2 a5 24. Rd3 b4 25. a4 Kh7 26. b3 Kg8 27. Rd5 f6 28. Rxa5 Be5 29. Rd5 Rc3 30. Kb1 R3c6 31. Bd4 Bd6 32. Rd2 Kh7 33. Be3 Be5 34. Re2 Bc3 35. Bd4 Bxd4 36. Rxd4 Rb8 37. Ree4 Rbc8 38. Rc4 Rxc4 39. Rxc4 Rb8 40. Kb2 Rb7 41. c3 bxc3+ 42. Rxc3 1-0

[Event "2025 Welsh Open"]
[Site "Mercure Cardiff North Hotel, Circle Way East, Llanedeyrn, Cardiff CF23 9XF"]
[Date "2025.04.19"]
[Round "4"]
[Board "17"]
[White "Quinn, Peter"]
[Black "Hollyman, Mike"]
[Result "1/2-1/2"]
[WhiteElo "1770"]
[BlackElo "1606"]
[PlyCount "59"]
[GameId "2191927718875154"]
[EventDate "2025.04.18"]
[EventRounds "7"]
[EventCountry "WLS"]

1. e4 c6 2. d4 d5 3. Nc3 dxe4 4. Nxe4 Nf6 5. Nxf6+ gxf6 6. g3 Qd5 7. Nf3 Bg4 8. Bg2 Nd7 9. h3 Bh5 10. Be3 e6 11. c3 Bd6 12. g4 Bg6 13. Nh4 Qa5 14. Nxg6 fxg6 15. Qb3 O-O-O 16. Qxe6 Bf4 17. Qb3 Bxe3 18. fxe3 Rde8 19. Kd2 Qg5 20. Rae1 f5 21. Re2 Rhf8 22. Rhe1 fxg4 23. hxg4 Qxg4 24. Qa4 Kb8 25. b4 Nb6 26. Qb3 h5 27. a4 h4 28. a5 Nd7 29. b5 Qe6 30. Qxe6 1/2-1/2

[Event "2025 Welsh Open"]
[Site "Mercure Cardiff North Hotel, Circle Way East, Llanedeyrn, Cardiff CF23 9XF"]
[Date "2025.04.19"]
[Round "4"]
[Board "18"]
[White "White, Sam"]
[Black "Hill, Glyn"]
[Result "1-0"]
[WhiteElo "1670"]
[BlackElo "1518"]
[PlyCount "63"]
[GameId "2191927718875155"]
[EventDate "2025.04.18"]
[EventRounds "7"]
[EventCountry "WLS"]

1. d4 d5 2. Nf3 Nf6 3. Bf4 c6 4. Nbd2 Qb6 5. Qc1 Bf5 6. e3 e6 7. Be2 Nh5 8. Bxb8 Rxb8 9. O-O Bd6 10. Ne5 Nf6 11. c4 Bxe5 12. dxe5 Ne4 13. Nb3 c5 14. f3 Ng5 15. e4 Nxe4 16. fxe4 Bxe4 17. Qe3 Rc8 18. Nd2 Bg6 19. b3 d4 20. Qf4 O-O 21. Ne4 Bxe4 22. Qxe4 Qc7 23. Bd3 g6 24. Rf2 b6 25. Raf1 Qe7 26. Rf6 Qc7 27. Qf4 a5 28. Rf3 Rcd8 29. Rh3 Rfe8 30. Qh6 Qxe5 31. Qxh7+ Kf8 32. Rxf7# 1-0

[Event "2025 Welsh Open"]
[Site "Mercure Cardiff North Hotel, Circle Way East, Llanedeyrn, Cardiff CF23 9XF"]
[Date "2025.04.19"]
[Round "4"]
[Board "19"]
[White "Hurn, Robert Aj"]
[Black "Enoch, Kristan"]
[Result "1/2-1/2"]
[WhiteElo "1646"]
[BlackElo "1611"]
[PlyCount "36"]
[GameId "2191927718875156"]
[EventDate "2025.04.18"]
[EventRounds "7"]
[EventCountry "WLS"]

1. d4 d5 2. c4 e6 3. Nc3 Nf6 4. cxd5 exd5 5. Bg5 c6 6. e3 Bf5 7. Qf3 Bg6 8. Bxf6 Qxf6 9. Qxf6 gxf6 10. Nf3 Nd7 11. Nh4 f5 12. Ne2 Be7 13. Nxg6 fxg6 14. Nf4 Nf6 15. a3 O-O-O 16. Bd3 Bd6 17. Ne2 Rde8 18. O-O Re7 1/2-1/2

[Event "2025 Welsh Open"]
[Site "Mercure Cardiff North Hotel, Circle Way East, Llanedeyrn, Cardiff CF23 9XF"]
[Date "2025.04.19"]
[Round "4"]
[Board "20"]
[White "Blankley, Toby"]
[Black "Williams, John A"]
[Result "0-1"]
[WhiteElo "1566"]
[BlackElo "1644"]
[PlyCount "52"]
[GameId "2191927718879253"]
[EventDate "2025.04.18"]
[EventRounds "7"]
[EventCountry "WLS"]

1. e4 d6 2. d4 Nf6 3. Nc3 c6 4. Bd3 e5 5. Nf3 Qc7 6. O-O Be7 7. Be3 Bg4 8. h3 Bh5 9. Qe2 Nbd7 10. Rad1 h6 11. Rfe1 O-O 12. d5 cxd5 13. Nxd5 Nxd5 14. exd5 f5 15. Bxf5 Rxf5 16. g4 Rxf3 17. Qxf3 Bg6 18. Rc1 Rf8 19. Qe2 Nc5 20. c4 Nd3 21. Rcd1 Nxe1 22. Rxe1 b6 23. f4 exf4 24. Bxb6 Qxb6+ 25. Kf1 Qe3 26. Qd1 Bd3+ 0-1

[Event "2025 Welsh Open"]
[Site "Mercure Cardiff North Hotel, Circle Way East, Llanedeyrn, Cardiff CF23 9XF"]
[Date "2025.04.19"]
[Round "4"]
[Board "21"]
[White "Tagg, Ann"]
[Black "Rhydderch, Sam"]
[Result "0-1"]
[WhiteElo "1530"]
[BlackElo "1759"]
[PlyCount "110"]
[GameId "2191927718879254"]
[EventDate "2025.04.18"]
[EventRounds "7"]
[EventCountry "WLS"]

1. e4 c6 2. Nf3 d5 3. exd5 cxd5 4. d4 Nf6 5. Nc3 Bg4 6. h3 Bh5 7. Bf4 e6 8. a3 Nc6 9. Bb5 a6 10. Be2 Qb6 11. Be3 Bd6 12. b4 O-O 13. O-O Rac8 14. Ne5 Bxe2 15. Qxe2 Nxd4 16. Bxd4 Qxd4 17. Nf3 Qxc3 18. Ra2 Qc4 19. Qxc4 Rxc4 20. Rd1 Rfc8 21. Ne1 Ne4 22. Rb2 b5 23. Rd3 Rc3 24. Rxc3 Rxc3 25. Ra2 f5 26. Nf3 g5 27. Nd4 Kf7 28. Kf1 h5 29. Ne2 Rc4 30. f3 Ng3+ 31. Kf2 Nxe2 32. Kxe2 Rc3 33. Kd2 d4 34. Kd1 g4 35. fxg4 fxg4 36. hxg4 hxg4 37. Kd2 Kf6 38. Ra1 Kg5 39. Re1 Bf4+ 40. Kd1 e5 41. Rf1 Rxa3 42. c3 Ra1+ 43. Ke2 Rxf1 44. c4 bxc4 45. b5 axb5 46. g3 c3 47. Kd3 Bxg3 48. Ke2 c2 49. Kd3 c1=Q 50. Ke4 Qc6+ 51. Kd3 Rf3+ 52. Kd2 Qc3+ 53. Kd1 Rd3+ 54. Ke2 Qd2+ 55. Kf1 Qf2# 0-1

[Event "2025 Welsh Open"]
[Site "Mercure Cardiff North Hotel, Circle Way East, Llanedeyrn, Cardiff CF23 9XF"]
[Date "2025.04.19"]
[Round "4"]
[Board "23"]
[White "Thompson, Chris"]
[Black "Watkins, Peter"]
[Result "1-0"]
[WhiteElo "1551"]
[BlackElo "1682"]
[PlyCount "33"]
[GameId "2191927718883352"]
[EventDate "2025.04.18"]
[EventRounds "7"]
[EventCountry "WLS"]

1. d4 d5 2. Bf4 e6 3. e3 Bd6 4. Bg3 Nf6 5. Nf3 Bxg3 6. hxg3 Nbd7 7. Bd3 c5 8. c3 Qc7 9. Nbd2 b6 10. Qe2 Bb7 11. a3 Ne4 12. Bb5 a6 13. Bxd7+ Qxd7 14. Ne5 Qe7 15. Nxe4 dxe4 16. O-O-O O-O 17. Rxh7 1-0